|
|
|
|
| LEADER |
00000nam a22000007a 4500 |
| 005 |
20140501224815.0 |
| 007 |
cr|||| |||| |
| 008 |
140501s2014 mx |||||s|||| 00||0 spa d |
| 020 |
|
|
|a 978-607-406-648-7
|
| 035 |
|
|
|a 12098
|
| 040 |
|
|
|a vLex
|
| 090 |
|
|
|c 4888
|d 4888
|
| 100 |
1 |
|
|a Lecona Roldǹ, Jos ̌Luis
|
| 245 |
1 |
3 |
|a El manejo de capitales en el siglo XXI
|h [Recurso electrn̤ico] /
|c Jos ̌Luis Lecona Roldǹ
|
| 256 |
|
|
|a Servicio en ln̕ea
|
| 260 |
|
|
|a Mx̌ico DF:
|b Ediciones Fiscales ISEF,
|c 2014
|
| 300 |
|
|
|a 1 recurso electrn̤ico
|
| 506 |
1 |
|
|a Disponible solo en los productos indicados
|d vLex Global
|d vLex Global (Academic Edition, excluding Law Schools)
|d vLex Global (U.S. Academic Edition, Law Schools)
|d vLex Global (U.S. Academic Edition, excluding Law Schools)
|d vLex Global (Academic Edition, Law Schools)
|
| 650 |
0 |
4 |
|a Derecho Fiscal
|z Mx̌ico
|
| 740 |
0 |
|
|a vLex Libros (Servicio en ln̕ea)
|
| 856 |
4 |
0 |
|u http://vlex.com/source/manejo-de-capitales-en-el-siglo-xxi-12098
|z Acceso restringido
|
| 942 |
|
|
|c BOOK
|
| 999 |
0 |
|
|a Tax Law
|